000 00702nam a22002057a 4500
999 _c174945
_d174945
005 20200728111420.0
010 _aENG-128281
020 _c350.00
_a9789352836604
035 _aEN-111813
037 _bDBAD/PUB
082 _a657.48
100 _aGupta,SC
245 _a Financial Accounting/
_cby S C Gupta,M C Shukla and T S grewal ; M P Gupta ,B M Agarwall
_bSemester-1/CC 3.1 Cg
260 _aNew Delhi
_bS.Chand
_c2019
270 _aHead Office:7361,Ram Nagar,Qutab Rord
_bNew Delhi
_e110055
_k23672080
_l91-11-23677446
_minfo@schandpublishing.com
300 _axiv;various pages.
_c24cm(pbk)
700 _aGupta,M P
700 _aAgarwal B M
942 _2ddc
_cEN
_h657.48
_mGUP